| 000 | 00737nam a22002295i 4500 | ||
|---|---|---|---|
| 001 | 178046 | ||
| 003 | ES-MaACL | ||
| 005 | 20230906220454.0 | ||
| 008 | 110516s1967 sp |||| | spa d | ||
| 080 | _a008.2 | ||
| 100 | 1 |
_aGabor, Dennis. _9146530 |
|
| 245 | 1 | 3 |
_aLa invención del futuro / _cDennis Gabor ; [traducción de Manuel Balcells]. |
| 250 | _a1ª ed. | ||
| 260 |
_aBarcelona : _bCredsa, _c1967. |
||
| 300 |
_a258 p. ; _c18 cm. |
||
| 490 | 1 |
_aPanoramas A-Z. La universidad en su mano ; _v39 |
|
| 650 | 0 | 4 |
_aCivilización futura. _911094 |
| 700 | 0 |
_aBalcells, Manuel. _924864 |
|
| 830 | 0 |
_aPanoramas A-Z. La universidad en su mano ; _v39 _9190680 |
|
| 852 |
_aES-MaACL _jE-15089 _xOlim P-269-bis |
||
| 999 |
_c178046 _d178046 |
||